| 000 | 00646cam a2200193u 4500 | ||
|---|---|---|---|
| 999 |
_c127696 _d127696 |
||
| 001 | 7750897 | ||
| 003 | ARRUPE | ||
| 005 | 20180326092501.0 | ||
| 008 | 821204s1888 iau 000 0 eng | ||
| 010 | _a 09009871 | ||
| 040 |
_aDLC _cCarP _dDLC |
||
| 050 | 0 | 0 |
_aBX1939.M3 _bE64 1977 |
| 100 |
_aEpiscopal Conference of England and Wales. _940971 |
||
| 245 | 0 | 0 |
_aMixed marriages. _ba revised directory by the episcopal conference of England and Wales _cEpiscopal conference of England and Wales |
| 250 | _aRev. ed. | ||
| 260 |
_aLondon, _bIncorporated Catholic Truth Society, _c1977 |
||
| 300 |
_a29 p. ; _c21 cm. |
||
| 650 | 0 |
_aMarriage. _xCanon law _923940 |
|
| 906 |
_a0 _bcbc _cpremunv _du _encip _f19 _gy-gencatlg |
||
| 942 |
_2lcc _cMONOGRAPH |
||